សត្វល្អិតចង្រៃបំផ្លាញដំណាំប៉េងប៉ោះក្នុងលក្ខខ័ណ្ឌស្រុកកៀនស្វាយខេត្តកណ្តាលនិង​ វិធានការកំចាត់តាមបច្ចេកទេស​ អាយ ភី អ៊ឹមុ​ (insects pest on tomato in diensvay district kandal province and control measure by ipm techniques) (Record no. 393)

000 -LEADER
fixed length control field 00802nam a22001577a 4500
003 - CONTROL NUMBER IDENTIFIER
control field OSt
005 - DATE AND TIME OF LATEST TRANSACTION
control field 20150914075600.0
008 - FIXED-LENGTH DATA ELEMENTS--GENERAL INFORMATION
fixed length control field 150914b xxu||||| |||| 00| 0 eng d
040 ## - CATALOGING SOURCE
Transcribing agency RUA
082 ## - DEWEY DECIMAL CLASSIFICATION NUMBER
Classification number AGR KEI 1998 B020 Or.1
100 ## - MAIN ENTRY--PERSONAL NAME
9 (RLIN) 414
Personal name KEING, SONG.
245 ## - TITLE STATEMENT
Title សត្វល្អិតចង្រៃបំផ្លាញដំណាំប៉េងប៉ោះក្នុងលក្ខខ័ណ្ឌស្រុកកៀនស្វាយខេត្តកណ្តាលនិង​ វិធានការកំចាត់តាមបច្ចេកទេស​ អាយ ភី អ៊ឹមុ​ (insects pest on tomato in diensvay district kandal province and control measure by ipm techniques)
260 ## - PUBLICATION, DISTRIBUTION, ETC. (IMPRINT)
Place of publication, distribution, etc. Phnom Penh
Name of publisher, distributor, etc. RUA
Date of publication, distribution, etc. 1998
300 ## - PHYSICAL DESCRIPTION
Extent 58p.
Other physical details ill.
Dimensions 29cm.
942 ## - ADDED ENTRY ELEMENTS (KOHA)
Source of classification or shelving scheme
Koha item type AGR
Holdings
Price effective from Date last seen Permanent Location Not for loan Date acquired Source of classification or shelving scheme Koha item type Lost status Withdrawn status Date last checked out Total Checkouts Shelving location Damaged status Barcode Current Location Full call number
2015-09-142015-09-14Library Block B 2015-09-14 AGR    B020 RUA005263Library Block BAGR KEI 1998 B020 Or.1
2015-09-142015-09-14Library Block B 2015-09-14 AGR    B020 RUA005110Library Block BAGR KEI 1998 B020 Or.2
2015-10-032022-07-12Library Block B 2015-10-03 AGR  2022-07-011  RUA018518Library Block BAGR KEI 1998 B020 Or.3
2015-10-032015-10-03Library Block B 2015-10-03 AGR      RUA018800Library Block BAGR KEI 1998 B020 Or.4
មជ្ឈមណ្ឌលឯការនៃសាកលវិទ្យាល័យភូមិន្ទកសិកម្មចំការដូង

Powered by Koha